000 00539nam a2200169Ia 4500
008 090711s9999 xx 000 0 und d
082 _b60681
100 _aगाला ध. रा. आणि इतर
245 _aअॅक्युप्रेशर
260 _c1988
300 _a160
600 _aगाला ध. रा. आणि इतर
630 _aअॅक्युप्रेशर
700 _aगाला ध. रा. आणि इतर
730 _aअॅक्युप्रेशर
942 _cBOOK
999 _c312406
_d312406